000 00537nam a2200181Ia 4500
005 20250508153346.0
008 008 250505s9999 xx 000 0 eng d
037 _aBooks to be hide in OPAC
040 _aFEDL
_beng
_cFEDL
041 _aeng
_2eng
084 _a373.44, RIB/O
_qFEDL
100 _aRibot Par M
_9763762
245 0 _aEnquete sur L'enseignement secondaire
260 _aParis, France
_bImprimerie De La Chambre Des Deputes
300 _a595p.
942 _cHB
_h373.44, RIB/O
999 _c1342262
_d1342262